[Event "Chigorin Memorial 30th"]
[Site "St Petersburg"]
[Date "2023.10.24"]
[Round "4"]
[White "Potapenko, Nikita"]
[Black "Paliy, Vladimir"]
[Result "1-0"]
[WhiteElo "1589"]
[BlackElo "1832"]
[PlyCount "49"]
[EventDate "2023.10.21"]
[EventType "swiss"]
[EventRounds "9"]
[EventCountry "RUS"]
[SourceTitle "Mega2024 Update 01"]
[Source "Chessbase"]
[SourceDate "2023.11.12"]
[SourceVersion "1"]
[SourceVersionDate "2023.11.12"]
[SourceQuality "1"]

1. d4 Nf6 2. c4 g6 3. Nc3 d5 4. cxd5 Nxd5 5. e4 Nxc3 6. bxc3 Bg7 7. Bc4 0-0 8. Ne2 c5 9. Be3 Nc6 10. 0-0 Na5 11. Bd3 cxd4 12. cxd4 b6 13. Qd2 Bb7 14. Rac1 Rc8 15. d5 Qd7 16. Bh6 e6 17. Bxg7 Kxg7 18. dxe6 Qxe6 19. f4 Bxe4 20. f5 gxf5 21. Nd4 Qh6 22. Qb2 Qe3+ 23. Kh1 Kg6 24. Nxf5 Qxc1 25. Qg7+ 1-0

[Event "Chigorin Memorial 30th"]
[Site "St Petersburg"]
[Date "2023.10.21"]
[Round "1"]
[White "Paliy, Vladimir"]
[Black "Zvjaginsev, Vadim"]
[Result "0-1"]
[WhiteElo "1832"]
[BlackElo "2572"]
[PlyCount "76"]
[EventDate "2023.10.21"]
[EventType "swiss"]
[EventRounds "9"]
[EventCountry "RUS"]
[SourceTitle "Mega2024 Update 01"]
[Source "Chessbase"]
[SourceDate "2023.11.12"]
[SourceVersion "1"]
[SourceVersionDate "2023.11.12"]
[SourceQuality "1"]

1. d4 Nf6 2. Nf3 g6 3. e3 Bg7 4. Bd3 0-0 5. 0-0 d6 6. Nbd2 Nbd7 7. b3 Re8 8. Bb2 e5 9. e4 b6 10. Re1 exd4 11. Bxd4 Bb7 12. Qb1 Re7 13. Qb2 Qf8 14. e5 dxe5 15. Nxe5 Nxe5 16. Rxe5 Rd7 17. Ree1 Qd6 18. Be5 Ng4 19. Bxd6 Bxb2 20. Rab1 Bc3 21. Bf4 Rd4 22. Be3 Nxe3 23. fxe3 Rxd3 24. cxd3 Bxd2 25. Re2 Bb4 26. Rc1 Bd6 27. g3 a5 28. a4 Re8 29. Kf2 Kg7 30. Rc3 Bd5 31. e4 Bb7 32. Rc1 Bc5+ 33. Kf3 Rd8 34. Rd1 f5 35. Ree1 Bb4 36. Rf1 Rxd3+ 37. Rxd3 fxe4+ 38. Ke3 exd3 0-1

[Event "Chigorin Memorial 19th"]
[Site "St Petersburg"]
[Date "2011.10.17"]
[Round "4"]
[White "Paliy, Vladimir"]
[Black "Filin, Evgeny Konstantinov"]
[Result "1-0"]
[WhiteElo "1873"]
[BlackElo "1709"]
[PlyCount "93"]
[EventDate "2011.10.14"]
[EventType "swiss"]
[EventRounds "9"]
[EventCountry "RUS"]
[SourceTitle "CBM 144 Extra"]
[Source "ChessBase"]
[SourceDate "2011.10.28"]
[SourceVersion "1"]
[SourceVersionDate "2011.10.28"]
[SourceQuality "1"]

1. e4 d6 2. d4 Nf6 3. Nc3 g6 4. Nf3 Bg7 5. Be2 0-0 6. 0-0 Nbd7 7. Bg5 c5 8. Qd2 cxd4 9. Nxd4 Nc5 10. f3 Ne6 11. Be3 Ne8 12. Nd5 N8c7 13. c4 Nxd4 14. Bxd4 e5 15. Be3 Nxd5 16. Qxd5 Qe7 17. Rfd1 Rd8 18. c5 Be6 19. cxd6 Qd7 20. Qa5 b6 21. Qa6 f6 22. Rac1 Rac8 23. Rc7 Rxc7 24. dxc7 Qxc7 25. Rxd8+ Qxd8 26. Qxa7 h5 27. a3 b5 28. Qa6 Bd7 29. Bxb5 Bxb5 30. Qxb5 Qd1+ 31. Qf1 Qb3 32. Qe2 Bf8 33. Qd2 Kf7 34. Qd5+ Qxd5 35. exd5 Ke8 36. b4 Bd6 37. Bc5 Kd7 38. a4 Bc7 39. a5 f5 40. a6 Kc8 41. b5 e4 42. b6 Be5 43. fxe4 fxe4 44. b7+ Kb8 45. d6 e3 46. d7 Bc7 47. Bd6 1-0

[Event "St Petersburg Blockade op"]
[Site "St Petersburg"]
[Date "2011.01.10"]
[Round "8"]
[White "Paliy, Vladimir"]
[Black "Menovshchikov, Mark"]
[Result "0-1"]
[WhiteElo "1881"]
[BlackElo "2006"]
[PlyCount "58"]
[EventDate "2011.01.03"]
[EventType "swiss"]
[EventRounds "9"]
[EventCountry "RUS"]
[SourceTitle "CBM 140 Extra"]
[Source "ChessBase"]
[SourceDate "2011.03.01"]
[SourceVersion "1"]
[SourceVersionDate "2011.03.01"]
[SourceQuality "1"]

1. d4 Nf6 2. c4 g6 3. Nc3 Bg7 4. e4 d6 5. Nf3 0-0 6. Be2 e5 7. 0-0 Nc6 8. d5 Ne7 9. Ne1 Nd7 10. f3 f5 11. Be3 f4 12. Bf2 Nf6 13. c5 g5 14. cxd6 cxd6 15. Rc1 Ng6 16. Nb5 Rf7 17. Qc2 Ne8 18. Nxa7 Bd7 19. Qb3 h5 20. Nd3 g4 21. Nb5 Qg5 22. Be1 g3 23. Rc2 Qh4 24. h3 Bxh3 25. gxh3 Qxh3 26. Bd1 Nh4 27. Rff2 gxf2+ 28. Rxf2 Bf8 29. Rh2 Rg7+ 0-1

[Event "St Petersburg Blockade op"]
[Site "St Petersburg"]
[Date "2011.01.05"]
[Round "3"]
[White "Gorjunov, Sergey"]
[Black "Paliy, Vladimir"]
[Result "1-0"]
[WhiteElo "2058"]
[BlackElo "1881"]
[PlyCount "81"]
[EventDate "2011.01.03"]
[EventType "swiss"]
[EventRounds "9"]
[EventCountry "RUS"]
[SourceTitle "CBM 140 Extra"]
[Source "ChessBase"]
[SourceDate "2011.03.01"]
[SourceVersion "1"]
[SourceVersionDate "2011.03.01"]
[SourceQuality "1"]

1. c4 e6 2. Nc3 d5 3. e4 d4 4. Nce2 Nc6 5. a3 d3 6. Nf4 Qd4 7. Bxd3 g5 8. Nge2 Qd8 9. Nd5 exd5 10. cxd5 Ne5 11. Bb1 Bg4 12. d4 Nd7 13. f3 Bh5 14. Be3 Nb6 15. Bd3 Be7 16. Qd2 h6 17. Bb5+ Kf8 18. Rc1 Kg7 19. g4 Bg6 20. Ng3 Nf6 21. h4 gxh4 22. Nf5+ Bxf5 23. gxf5 Nh5 24. Rg1+ Ng3 25. Qg2 Kf8 26. Bf4 Bg5 27. Bxc7 Bxc1 28. Bxd8 Rxd8 29. Qh3 Bg5 30. f4 Rc8 31. fxg5 Rc1+ 32. Kd2 Rxg1 33. Qxh4 Kg7 34. g6 f6 35. Qh2 Nxe4+ 36. Kd3 Rd1+ 37. Kxe4 Rc8 38. Qd6 Re1+ 39. Kf3 Nxd5 40. Qxd5 Rc7 41. Bc4 1-0

[Event "St Petersburg Autumn op"]
[Site "St Petersburg"]
[Date "2010.10.24"]
[Round "9"]
[White "Zhelobanov, Roman"]
[Black "Paliy, Vladimir"]
[Result "1-0"]
[WhiteElo "1806"]
[BlackElo "1893"]
[PlyCount "141"]
[EventDate "2010.10.16"]
[EventType "swiss"]
[EventRounds "9"]
[EventCountry "RUS"]
[SourceTitle "EXT 2011"]
[Source "ChessBase"]
[SourceDate "2010.11.26"]
[SourceVersion "1"]
[SourceVersionDate "2010.11.26"]
[SourceQuality "1"]

1. e4 e5 2. Nf3 Nc6 3. Bb5 a6 4. Bxc6 dxc6 5. d4 exd4 6. Qxd4 Qxd4 7. Nxd4 Nf6 8. f3 Bc5 9. Nb3 Bd6 10. Bg5 Be6 11. N1d2 0-0-0 12. 0-0-0 h6 13. Be3 b6 14. Nd4 Bd7 15. Nc4 c5 16. Ne2 Bb5 17. Nxd6+ cxd6 18. Ng3 g6 19. Bf4 Ne8 20. Rd2 g5 21. Be3 Ng7 22. h4 f6 23. hxg5 fxg5 24. Nh5 Nxh5 25. Rxh5 Be8 26. Rh2 Bg6 27. Rd1 Rd7 28. Rdh1 Rdh7 29. Bd2 g4 30. Bc3 Rf8 31. Rxh6 Rxh6 32. Rxh6 gxf3 33. gxf3 Rg8 34. Kd2 Kd7 35. Ke3 Bf7 36. a3 Rg2 37. e5 dxe5 38. Rxb6 Bc4 39. Bxe5 Rxc2 40. Rd6+ Ke7 41. Rc6 Re2+ 42. Kf4 Bd5 43. Rxc5 Ke6 44. Bd4 Rd2 45. Ke3 Rd1 46. Ra5 Bc4 47. Re5+ Kf7 48. Bc3 Rd6 49. Rc5 Bd5 50. Be5 Rd7 51. Rc7 Rxc7 52. Bxc7 Ke6 53. f4 Bb3 54. Kd4 Kd7 55. Kc3 Be6 56. Be5 Kc6 57. Kb4 Bf5 58. Ka5 Kb7 59. b4 Bd3 60. a4 Bf5 61. b5 axb5 62. axb5 Bd3 63. b6 Be4 64. Kb5 Kc8 65. Ka6 Bc6 66. Ka7 Be4 67. f5 Bd5 68. f6 Kd7 69. b7 Bxb7 70. Kxb7 Ke6 71. Kc6 1-0

[Event "St Petersburg Autumn op"]
[Site "St Petersburg"]
[Date "2010.10.22"]
[Round "7"]
[White "Klevets, Ksenia"]
[Black "Paliy, Vladimir"]
[Result "1/2-1/2"]
[WhiteElo "1736"]
[BlackElo "1893"]
[PlyCount "84"]
[EventDate "2010.10.16"]
[EventType "swiss"]
[EventRounds "9"]
[EventCountry "RUS"]
[SourceTitle "EXT 2011"]
[Source "ChessBase"]
[SourceDate "2010.11.26"]
[SourceVersion "1"]
[SourceVersionDate "2010.11.26"]
[SourceQuality "1"]

1. d4 Nf6 2. Nf3 g6 3. Nbd2 Bg7 4. e4 d6 5. Bd3 0-0 6. 0-0 Nc6 7. c3 e5 8. dxe5 Nxe5 9. Nxe5 dxe5 10. Nc4 Qe7 11. a4 Bd7 12. Qe2 Rfe8 13. b4 a6 14. f3 b6 15. Be3 Bc6 16. Bc2 Nd7 17. Rfd1 Red8 18. Bb3 Nf6 19. a5 b5 20. Bc5 Qe8 21. Nb2 Bf8 22. Nd3 Bxc5+ 23. Nxc5 Nd7 24. Nxd7 Rxd7 25. Rxd7 Bxd7 26. Rd1 Be6 27. Bxe6 Qxe6 28. Qd3 Re8 29. Qd7 Re7 30. Qxe6 Rxe6 31. Kf2 Kf8 32. Ke3 Ke7 33. Rd5 f6 34. Rc5 c6 35. c4 Kd7 36. Kd3 Rd6+ 37. Kc3 Rd1 38. Kb3 Rd2 39. cxb5 cxb5 40. Rc2 Rd3+ 41. Rc3 Rd2 42. Rc2 Rd3+ 1/2-1/2

[Event "St Petersburg Chigorin CC-ch"]
[Site "St Petersburg"]
[Date "2009.05.25"]
[Round "6"]
[White "Paliy, Vladimir"]
[Black "Stroganov, Anatoly"]
[Result "0-1"]
[WhiteElo "1798"]
[BlackElo "1935"]
[PlyCount "52"]
[EventDate "2009.05.19"]
[EventType "swiss"]
[EventRounds "9"]
[EventCountry "RUS"]
[SourceTitle "CBM 130 Extra"]
[Source "ChessBase"]
[SourceDate "2009.07.02"]
[SourceVersion "2"]
[SourceVersionDate "2009.07.15"]
[SourceQuality "1"]

1. d4 Nf6 2. c4 e6 3. Nc3 Bb4 4. e3 b6 5. Nge2 Bb7 6. a3 Be7 7. Nf4 d6 8. Be2 g5 9. Bf3 c6 10. Nd3 Nbd7 11. e4 h6 12. e5 Ng8 13. Bh5 dxe5 14. dxe5 Qc7 15. Qe2 Bf8 16. h4 Bg7 17. Qg4 Nxe5 18. Qxe6+ Kf8 19. Qf5 Nxd3+ 20. Qxd3 Rd8 21. Qe2 Bxc3+ 22. bxc3 Nf6 23. Bf3 g4 24. Bxg4 Nxg4 25. Qxg4 Qe5+ 26. Kf1 Qxc3 0-1

[Event "St Petersburg Chigorin CC-ch"]
[Site "St Petersburg"]
[Date "2009.05.20"]
[Round "2"]
[White "Paliy, Vladimir"]
[Black "Yerastov, Alexey"]
[Result "0-1"]
[WhiteElo "1798"]
[BlackElo "2238"]
[PlyCount "100"]
[EventDate "2009.05.19"]
[EventType "swiss"]
[EventRounds "9"]
[EventCountry "RUS"]
[SourceTitle "CBM 130 Extra"]
[Source "ChessBase"]
[SourceDate "2009.07.02"]
[SourceVersion "2"]
[SourceVersionDate "2009.07.15"]
[SourceQuality "1"]

1. d4 f5 2. g3 Nf6 3. Bg2 e6 4. Nf3 d5 5. 0-0 Bd6 6. c4 c6 7. Qb3 0-0 8. Nc3 Nbd7 9. Bf4 Bxf4 10. gxf4 Ne4 11. e3 Ndf6 12. Nxe4 Nxe4 13. Rad1 b6 14. Qc2 Ba6 15. Ne5 Qd6 16. f3 Nf6 17. Qa4 Bxc4 18. Nxc4 dxc4 19. Qxc4 Nd5 20. Rfe1 Rac8 21. Qd3 Qb4 22. Qd2 a5 23. a3 Qxd2 24. Rxd2 c5 25. dxc5 Rxc5 26. Kf2 Rfc8 27. Bf1 Kf7 28. Bd3 g6 29. Ree2 Rc1 30. Rc2 R8xc2 31. Rxc2 Rh1 32. Kg3 Rd1 33. Be2 Rg1+ 34. Kf2 Rh1 35. Kg3 Nxe3 36. Rc7+ Kf6 37. Rc6 b5 38. Bxb5 Rb1 39. Rc3 Rxb2 40. Rxe3 Rxb5 41. Rc3 h6 42. h4 Rd5 43. Kh3 Rd4 44. Kg3 a4 45. Re3 Ke7 46. Rc3 Kd6 47. Re3 g5 48. hxg5 hxg5 49. Rc3 gxf4+ 50. Kh4 Kd5 0-1

[Event "St Petersburg Chigorin CC-ch"]
[Site "St Petersburg"]
[Date "2009.05.19"]
[Round "1"]
[White "Anosov, Sergey"]
[Black "Paliy, Vladimir"]
[Result "1/2-1/2"]
[WhiteElo "2071"]
[BlackElo "1798"]
[PlyCount "107"]
[EventDate "2009.05.19"]
[EventType "swiss"]
[EventRounds "9"]
[EventCountry "RUS"]
[SourceTitle "CBM 130 Extra"]
[Source "ChessBase"]
[SourceDate "2009.07.02"]
[SourceVersion "2"]
[SourceVersionDate "2009.07.15"]
[SourceQuality "1"]

1. e4 e5 2. Nf3 Nc6 3. d4 exd4 4. Nxd4 Qf6 5. Be3 Bc5 6. c3 Nge7 7. Bc4 Ne5 8. Be2 Qg6 9. 0-0 0-0 10. Nf5 Nxf5 11. Bxc5 Nh4 12. g3 d6 13. Bd4 Bh3 14. Nd2 Bxf1 15. Kxf1 Qe6 16. gxh4 Qh3+ 17. Kg1 Qxh4 18. Kh1 Rae8 19. Qg1 Re6 20. Qg3 Qe7 21. f4 Rg6 22. Qf2 Ng4 23. Bxg4 Rxg4 24. Rg1 Rxg1+ 25. Qxg1 f6 26. Qg2 Re8 27. c4 Qe6 28. h3 Kf8 29. Kh2 Kf7 30. Qf3 Kg8 31. Kg3 Kf8 32. Qg4 Qxg4+ 33. hxg4 Kf7 34. Kf3 Ke6 35. Nf1 a6 36. Ne3 Kf7 37. Nd5 Rc8 38. f5 Ke8 39. g5 fxg5 40. Bxg7 Kf7 41. Bc3 h5 42. Nf6 Rh8 43. Nd5 Rc8 44. Bd2 c6 45. Nc3 Kf6 46. Ne2 Re8 47. Ng3 g4+ 48. Kf4 h4 49. Nh5+ Kf7 50. Kxg4 Rxe4+ 51. Nf4 Rxc4 52. Kh5 Rd4 53. Be3 Re4 54. Bd2 1/2-1/2

[Event "St Petersburg March op"]
[Site "St Petersburg"]
[Date "2009.04.06"]
[Round "6"]
[White "Tkachev, Taras"]
[Black "Paliy, Vladimir"]
[Result "1/2-1/2"]
[WhiteElo "1966"]
[BlackElo "1837"]
[PlyCount "107"]
[EventDate "2009.03.30"]
[EventType "swiss"]
[EventRounds "9"]
[EventCountry "RUS"]
[SourceTitle "EXT 2012"]
[Source "ChessBase"]
[SourceDate "2011.11.24"]
[SourceVersion "1"]
[SourceVersionDate "2011.11.24"]
[SourceQuality "1"]

1. Nf3 d5 2. g3 Nf6 3. Bg2 c6 4. 0-0 Bf5 5. d4 e6 6. Nbd2 Bd6 7. c4 Nbd7 8. Re1 h6 9. Nh4 Bh7 10. cxd5 cxd5 11. e4 Nxe4 12. Nxe4 Bxe4 13. Bxe4 dxe4 14. Rxe4 Nf6 15. Re1 0-0 16. Qb3 Qd7 17. Nf3 Qc6 18. Ne5 Qd5 19. Qxd5 Nxd5 20. Nc4 Be7 21. Be3 Rfc8 22. Rec1 b6 23. a3 Rc7 24. Ne5 Rac8 25. Rxc7 Rxc7 26. Rc1 Rxc1+ 27. Bxc1 a6 28. Kf1 f6 29. Nd3 Bd6 30. Ke2 Kf7 31. Bd2 Ke7 32. a4 Kd7 33. b3 Kc6 34. Nb2 Bb4 35. Nd3 Bxd2 36. Kxd2 a5 37. Ne1 Ne7 38. Kd3 Nd5 39. Kc4 Nc7 40. Nd3 Nd5 41. Ne1 Nb4 42. Nf3 Nd5 43. Ng1 Nb4 44. Ne2 Nd5 45. h3 g5 46. Ng1 Nb4 47. Nf3 Nd5 48. Nd2 Nc7 49. Ne4 Nd5 50. Nd2 Nb4 51. Ne4 Nd5 52. Kd3 Nb4+ 53. Kc4 Nd5 54. g4 1/2-1/2

[Event "St Petersburg March op"]
[Site "St Petersburg"]
[Date "2009.04.03"]
[Round "5"]
[White "Paliy, Vladimir"]
[Black "Klobukov, Sergey"]
[Result "0-1"]
[WhiteElo "1837"]
[BlackElo "1984"]
[PlyCount "80"]
[EventDate "2009.03.30"]
[EventType "swiss"]
[EventRounds "9"]
[EventCountry "RUS"]
[SourceTitle "EXT 2012"]
[Source "ChessBase"]
[SourceDate "2011.11.24"]
[SourceVersion "1"]
[SourceVersionDate "2011.11.24"]
[SourceQuality "1"]

1. e4 c5 2. Nf3 Nc6 3. d4 cxd4 4. Nxd4 Qc7 5. Nc3 e6 6. Be3 a6 7. Bd3 b5 8. Nb3 d6 9. f4 Nf6 10. Qf3 Bb7 11. 0-0 Be7 12. a4 b4 13. Ne2 Na5 14. Nd2 d5 15. b3 dxe4 16. Nxe4 Nc6 17. Qg3 g6 18. Rac1 Rd8 19. Nc5 Nd5 20. Bf2 Ne5 21. Nxb7 Nxd3 22. Qxd3 Qxb7 23. Bd4 0-0 24. Qe4 Qd7 25. Rfd1 f5 26. Qf3 Qc7 27. c3 bxc3 28. Nxc3 Bc5 29. Ne2 Bxd4+ 30. Nxd4 Qa7 31. Qf2 Rfe8 32. Nc6 Qxf2+ 33. Kxf2 Rc8 34. g3 Rc7 35. Ne5 Rb7 36. Rd3 Reb8 37. Rb1 Rc8 38. Rb2 Rc3 39. Rxc3 Nxc3 40. Nc4 Nd1+ 0-1